000 01307nam2a22002771 4500
001 RU\NLR\INFOCOMM21\5000049502
005 20250617031845.0
035 _a(NLR Aleph) 002410465
090 _a1813772
_c1813772
100 _a20050128d1966 |||y0rusy50 ca
101 0 _arus
102 _aRU
105 _ay ||||000|y
200 1 _aПроблемы исследований и проектирования зарубежных ракет-носителей и космических летательных аппаратов
_fЮ.М. Курзанов, Н.И. Белов
210 _d1966
_aБ. м.
225 1 _aОбзоры
461 0 _1001RU\NLR\INFOCOMM21\5000048626
_12001#$aОбзоры. Переводы. Рефераты$fЦАГИ. Бюро науч. информации$v№166
_93998302
_aЦентральный аэрогидродинамический институт им. Н. Е. Жуковского (Москва)
_c[М.]
_d1962-
_fЦАГИ. Бюро науч. информации
_tОбзоры. Переводы. Рефераты
_v№166
700 1 _aКурзанов
_bЮ.М.
_4070
701 1 _aБелов
_bН.И.
_4070
801 1 _aRU
_bInfoComm
_c20050131
801 0 _aRU
_bNLR
_gPSBO
852 _aNLR
_jП11/2256
942 _cISSUE
980 _aNB
980 _aRUSPER